Tartesos (Record no. 181794)

MARC details
000 -LEADER
campo de control de longitud fija 01036nam a2200229 i 4500
001 - NÚMERO DE CONTROL
campo de control 181794
003 - IDENTIFICADOR DE NÚMERO DE CONTROL
campo de control ES-MaACL
005 - FECHA Y HORA DE LA ÚLTIMA TRANSACCIÓN
campo de control 20230906221445.0
008 - DATOS DE LONGITUD FIJA--INFORMACIÓN GENERAL
campo de control de longitud fija 130326s1928 sp a |||| ||spa d
080 ## - NÚMERO DE LA CLASIFICACIÓN DECIMAL UNIVERSAL
Número de la Clasificación Decimal Universal 904(460.354)
100 1# - ENTRADA PRINCIPAL--NOMBRE DE PERSONA
Nombre de persona Bonsor, Jorge Eduardo.
9 (RLIN) 30303
245 10 - MENCIÓN DEL TÍTULO
Título Tartesos
Resto del título : excavaciones practicadas en 1923 en el Cerro del Trigo, termino de Almonte (Huelva) : memoria de los trabajos realizados en dichas excavaciones /
Mención de responsabilidad, etc. por Don Jorge Bonsor.
260 ## - PUBLICACIÓN, DISTRIBUCIÓN, ETC.
Lugar de publicación, distribución, etc. Madrid :
Nombre del editor, distribuidor, etc. [s.n.],
Fecha de publicación, distribución, etc. 1928 (
Fabricante Tipografía de Archivos)
300 ## - DESCRIPCIÓN FÍSICA
Extensión 28 p. :
Otras características físicas il. ;
Dimensiones 24 cm.
490 1# - MENCIÓN DE SERIE
Mención de serie Junta Superior de Excavaciones y Antigüedades ;
Designación de volumen o secuencia n. 97 = n. 5, 1927
650 #4 - PUNTO DE ACCESO ADICIONAL DE MATERIA--TÉRMINO DE MATERIA
Término de materia o nombre geográfico como elemento de entrada Excavaciones arqueológicas-
Subdivisión geográfica Huelva (Provincia)
9 (RLIN) 152529
651 #4 - PUNTO DE ACCESO ADICIONAL DE MATERIA--NOMBRE GEOGRÁFICO
Nombre geográfico Cerro del Trigo (Huelva)-
Subdivisión general Restos arqueológicos.
9 (RLIN) 152530
710 2# - ENTRADA AGREGADA--NOMBRE DE ENTIDAD CORPORATIVA
Nombre de entidad corporativa o nombre de jurisdicción como elemento de entrada España.
Unidad subordinada Junta Superior de Excavaciones y Antigüedades.
9 (RLIN) 152463
830 0# - PUNTO DE ACCESO ADICIONAL DE SERIE-TÍTULO UNIFORME
Título uniforme Junta Superior de Excavaciones y Antigüedades ;
Designación de volumen o secuencia n. 97 = n. 5, 1927
9 (RLIN) 191570
852 ## - LOCALIZACIÓN
Ubicación ES-MaACL
Número de control de estantería E-3376(6)
Holdings
Estatus retirado Estado de pérdida Estado de daño No para préstamo Biblioteca de origen Biblioteca actual Ubicación en estantería Fecha de adquisición Fuente de adquisición Total de préstamos Signatura topográfica completa Código de barras Visto por última vez Precio de reemplazo Tipo de ítem Koha
        Biblioteca del Ateneo de Madrid Biblioteca del Ateneo de Madrid Depósito 2 26/03/2013     E-3376(6) 1191044 23/02/2023 23/02/2023 Libro impreso